|
|
|
|
| LEADER |
00663nab a2200169 i 4500 |
| 001 |
misc23876 |
| 005 |
20191111110400.0 |
| 008 |
171016s1957 hu o 0|| zxx d |
| 040 |
|
|
|a SZTE Miscellanea Repozitórium
|b hun
|
| 041 |
|
|
|a zxx
|
| 100 |
1 |
|
|a Narr Karl J.
|
| 245 |
1 |
0 |
|a Deutsche Geschichte bis zum Ausgang des Mittelalters
|h [elektronikus dokumentum] :
|b 1. Abschnitt : Deutschland in ur- und frühgeschichtlicher Zeit /
|c Narr Karl J.
|
| 260 |
|
|
|c 1957
|
| 300 |
|
|
|a 1-98
|
| 490 |
0 |
|
|a Kolligátum
|
| 695 |
|
|
|a Németország története - őskor, Németország története - ókor
|
| 856 |
4 |
0 |
|u http://misc.bibl.u-szeged.hu/23876/1/010_008_001-098.pdf
|z Dokumentum-elérés
|